000 01233nam a2200241Ia 4500
999 _c52735
_d52735
001 19761
003 GE_BSU
005 20200420211301.0
008 181216s2016||||ge |||||||||||||| ||geo||
020 _a9994004417
040 _cGE_BSU
041 _ageo
080 _a347.131.2 ვ-13
245 _aვადები სამოქალაქო და სამოქალაქო საპროცესო კოდექსების მიხედვით :
_b 2016 წლის 8 ოქტომბრის /
_cშემდგენელი სანდრო ჯორბენაძე.
250 _aმე-5 გადამუშავებული გამოცემა
264 _aთბილისი :
_bსაქ. უზენაესი სასამართლო,
_c2016.
300 _a64 გვ. ;
_c 20 სმ.
653 _aვადები სამოქალაქო კოდექსში
653 _aვადები სამოქალაქო საპროცესო კოდექსში
653 _aსამართალი
700 _aჯორბენაძე, სანდრო
_eშემდგენელი
_97936
942 _cBK
_2udc